| 000 | 00506nam a2200169 a 4500 | ||
|---|---|---|---|
| 001 | 000036596 | ||
| 005 | 20200930075823.0 | ||
| 008 | 120123s1954 sp a 000 0 spa d | ||
| 040 |
_aDO-SdBNP _bspa _cBNPHU |
||
| 100 | 1 |
_aWolff, Charlotte _d1897-1986 _962871 |
|
| 245 | 1 | 0 |
_aPsicologĂa del gesto / _cCharlotte Wolff. |
| 250 | _a2a. ed. | ||
| 260 |
_aBarcelona : _bLuis Miracle, Editor, _c1954. |
||
| 300 |
_a264 p. : _bil. ; _c24 cm. |
||
| 490 | 0 |
_aBiblioteca de antropologĂa ; _v9 |
|
| 650 | 2 | 4 |
_aGestos _962872 |
| 999 |
_c36087 _d36087 |
||